Click the Zach Bryan Song Title Ending - Statistics

General Stats
  • This quiz has been taken 2,330 times
  • The average score is 22 of 25
Answer Stats
Hint Answer % Correct
I Remember Everything
98%
Heading South
98%
The Good I'll Do
95%
El Dorado
95%
Open the Gate
95%
November Air
94%
Fifth of May
94%
Something in the Orange
94%
Oklahoma Smokeshow
94%
From a Lovers Point of View
93%
Crooked Teeth
92%
God Speed
91%
Motorcycle Drive-By
90%
East Side of Sorrow
90%
From Austin
89%
Flying or Crying
89%
Heavy Eyes
89%
Doing Fine
89%
Hey Driver
85%
Highway Boys
84%
Hope Again
80%
Younger Years
80%
Deep Satin
77%
Cold Damn Vampires
71%
Happy Instead
64%
No matching quizzes found
Score Distribution
Percent of People with Each Score
Percentile by Number Answered
Your Score History
You have not taken this quiz